History Quiz

Random History or Clickable Quiz
Score 0/12 Timer 05:00
0 Plays Today
Question Answer Wrong Answers
United States Tony Blair
96.5%
James Monroe
0.7%
Abraham Lincoln
1.2%
Martin Van Buren
1.6%
United Kingdom John Quincy Adams
91.2%
Clement Attlee
2.9%
David Cameron
1%
Gordon Brown
1.2%
North Korea Kim Dae-jung
85.1%
Kim Il-sung
6.7%
Kim Jong-il
1.6%
Kim Jong-un
1.8%
Egypt Hussein bin Talal
69.7%
Anwar Sadat
9.4%
Gamal Abdel Nasser
7.7%
Hosni Mubarak
8.7%
Germany Mark Rutte
66.6%
Helmut Kohl
6%
Konrad Adenauer
13.9%
Gerhard Schröder
7.9%
France Pierre Trudeau
65.2%
Albert Lebrun
19.7%
Jacques Chirac
2.6%
Georges Pompidou
7.5%
South Africa Goodluck Jonathan
64.4%
Nelson Mandela
3.1%
Jacob Zuma
11%
Thabo Mbeki
15.2%
Israel Benjamin Disraeli
63.3%
Golda Meir
9.3%
Yitzhak Rabin
4.1%
Levi Eshkol
21.9%
Argentina Augusto Pinochet
58.3%
Juan Perón
4.9%
Cristina Fernández de Kirchner
15%
Mauricio Macri
19%
Canada Tony Abbott
54%
John A. Macdonald
9.3%
William Lyon Mackenzie King
19.7%
Stephen Harper
10.4%
Russia/USSR Alexander Lukashenko
53.9%
Konstantin Chernenko
11.9%
Yuri Andropov
12.8%
Dmitry Medvedev
15.6%
Japan Yamanashi Hanzō
28.5%
Yoshihiko Noda
27.7%
Itō Hirobumi
22.3%
Shinzō Abe
14.6%
Remove Ads.
Support Sporcle.
Get the best of Sporcle when you Go Orange. This ad-free experience offers more features, more stats, and more fun while also helping to support Sporcle. Thank you for becoming a member.

You're not logged in!

Compare scores with friends on all Sporcle quizzes.
OR
Log In

Show Comments

Extras

Top Quizzes Today


Score Distribution

Your Account Isn't Verified!

In order to create a playlist on Sporcle, you need to verify the email address you used during registration. Go to your Sporcle Settings to finish the process.

Report this User

Report this user for behavior that violates our Community Guidelines.

Details: